| 000 | 03517nka a2200409 i 4500 | ||
|---|---|---|---|
| 001 | 102936 | ||
| 003 | ES-MaACL | ||
| 005 | 20250824093143.0 | ||
| 007 | t| | ||
| 008 | 051220e1870 sp f | |r|| c|spa d | ||
| 100 | 1 |
_aMaura Montaner, Bartolomé, _d1844-1926 _edrm _eegr _979222 |
|
| 245 | 1 | 4 |
_aUna fábrica de tapices _h[Material gráfico] : _bHilanderas / _cDiego Velázquez pto ; Bartolomé Maura Dto y Gbo 1870 |
| 260 |
_a[S.l. : _bs.n., _c1870] |
||
| 300 |
_a1 estampa : _bgrabado calcográfico ; _c448 x 450 mm |
||
| 490 | 1 |
_aColección facticia de grabados ; _v16 _9184692 |
|
| 500 | _aInscripción: "Una fábrica de tapices (Hilanderas)" | ||
| 520 | _aEl magnífico cuadro de "Las hilanderas", realizado por Velázquez, fue otro de los que Maura grabó y en el que sigue en todo al genial artista. Se trata de una representación compleja y altamente intelectual del mito clásico de Aracne. Según la fábula narrada por Ovidio (Metamorfosis, Libro VI, I), Aracne era una joven lidia (Asia Menor) maestra en el arte de tejer, que retó a Atenea, diosa de la sabiduría, a superarla en habilidad. Ésta, consciente durante la competición de la supremacía de la mortal y viendo su burla al representar en su tapiz la infidelidad conyugal de su padre Zeus, convirtiéndose en toro y raptando a la ninfa Europa, convirtió a Aracne en araña | ||
| 520 | _aEl mito aparece representado en dos planos bajo la apariencia de un día cotidiano en la Fábrica de Tapices de Santa Isabel. Al fondo de la escena el rapto de Europa aparece hilado en el tapiz que cuelga de la pared y, ante él, Atenea, vestida con armadura, castiga a Aracne. Las mujeres que observan el suceso, que podríamos confundir con clientas de la fábrica, serían en realidad las jóvenes lidias testigos del momento. En primer término, las hilanderas representarían el desarrollo del concurso. Atenea, hilando en la rueda y Aracne devanando una madeja. Esta obra ha sido interpretada por los estudiosos como una alegoría de la nobleza del arte de la pintura y una afirmación de la supremacía de Velázquez. La complejidad iconográfica eleva la creación pictórica a la altura de otras artes mejor consideradas en el siglo XVII, como la poesía o la música, y las referencias a grandes pintores, como Tiziano y Rubens, elevan a Velázquez a la altura de los grandes genios de la historia del arte | ||
| 530 | _aDisponible en formato digital | ||
| 594 | _5Título del cuadro de Velázquez: "Las hilanderas o la fábula de Aracne" | ||
| 600 | 1 | 4 |
_aVelázquez, Diego, _d1599-1660. _tLas hilanderas _9241811 |
| 610 | 2 | 4 |
_aReal Fábrica de Tapices de Santa Bárbara _9241968 |
| 650 | 7 |
_aAracne (Personaje mitológico) _2embne _9241966 |
|
| 650 | 7 |
_aAtenea (Divinidad griega) _2embne _9241967 |
|
| 655 | 7 |
_aGrabados calcográficos _2tgfbne _9241761 |
|
| 655 | 7 |
_aGrabados _2tgfbne _9226846 |
|
| 655 | 4 |
_aReproducciones de obras de arte _9241931 |
|
| 700 | 1 |
_aVelázquez, Diego, _d1599-1660 _eart _9113793 |
|
| 740 | 4 | 2 | _aLas hilanderas |
| 740 | 3 | 2 | _aLa fábula de Aracne |
| 830 | 0 |
_aColección facticia de grabados ; _v16 _9184692 |
|
| 852 | 4 |
_aES-MaACL _cDEPO2 _jGF-2(16) |
|
| 856 | 4 |
_uhttps://ceres.mcu.es/pages/ResultSearch?txtSimpleSearch=La%20f%E1bula%20de%20Aracne&simpleSearch=0&hipertextSearch=1&search=simple&MuseumsSearch=&MuseumsRolSearch=1&listaMuseos=null _yVersión en línea _z(CER.es (Colecciones en Red)) |
|
| 942 |
_2udc _cDIBGRB _n0 |
||
| 999 |
_c102936 _d102936 |
||